[Event "Sigeman & Co 03rd"]
[Site "Malmo SWE"]
[Date "1995.??.??"]
[Round "1"]
[White "Andersson, Ulf"]
[Black "Sadler, Matthew D"]
[Result "1-0"]
[WhiteElo "2630"]
[BlackElo "2575"]
[EventDate "1995.05.??"]
[Annotator "Ftacnik a Jurgen Kaufeld, Grandmaster chess strategy"]

1. Nf3 {Hecht} 1. ... Nc6 2. d4 d5 3. Bf4 Bg4 4. e3 e6 5. c4 dxc4 ( 5. ...
 Nf6 6. Nc3 Bd6 7. Bxd6 Qxd6 8. c5 Qe7 9. Be2 O-O 10. O-O Rfd8 11. b4 Ne4 
12. Nxe4 dxe4 13. Ne5 Nxe5 14. Bxg4 f5 15. Be2 f4 16. exf4 Nd3 17. Qb3 
Nxf4 18. Bc4 Rxd4 19. Rad1 Rad8 20. Rxd4 Rxd4 = {
Diederichsen,D-Panzer,P/Hamburg Wichern-op (02)/1993/0. 5 (37)} ) ( 5. ...
 Bd6 6. Bxd6 Qxd6 7. c5 ( 7. cxd5 exd5 8. Nc3 Nf6 9. Be2 O-O 10. O-O a6 
11. a3 Rfe8 12. b4 Ne4 13. Rc1 Nxc3 14. Rxc3 Re6 15. Qc2 Rh6 16. h3 Bd7 
17. Rc1 Re8 18. b5 axb5 19. Bxb5 Ra8 20. Bxc6 bxc6 21. Ne5 +/- {Cvitan, 
O-Perovic,D/JUG-Cup f Pula (4)/1991/1-0 (28)} ) 7. ... Qd7 8. Qa4 Bxf3 9. 
gxf3 e5 10. dxe5 Nxe5 11. Qxd7+ Nxd7 12. Nc3 c6 13. Rc1 Nxc5 14. Nxd5 Ne6 
15. Nc3 Nf6 16. Bc4 Ke7 17. Rg1 g6 18. Ne4 Rad8 = {
Zimmerman,Y-Arkhangelsky,M/Moscow op Russian Winter/1991/0.5 (54)} ) 6. 
Bxc4 Bd6 7. Bxd6 Qxd6 ( 7. ... cxd6 8. d5! += ) 8. O-O Nf6 9. Be2 ( 9. Nc3
O-O ) 9. ... e5 ( 9. ... O-O 10. Qb3 += ) 10. dxe5 Qxd1 ( 10. ... Nxe5 11.
 Qxd6 cxd6 12. Nbd2 += ) 11. Bxd1 ( 11. Rxd1 Nxe5 ) 11. ... Nd7 ( 11. ... 
Bxf3 12. exf6 Bxd1 13. fxg7 +/- ) 12. Nc3 Bxf3 ( 12. ... Ndxe5 13. Nxe5 
Nxe5 14. Nb5 += ) 13. Bxf3 Ndxe5 ( 13. ... Ncxe5 14. Bxb7 Rb8 15. Be4 Rxb2
16. Rab1 += ) 14. Bxc6+ Nxc6 15. Rfd1 Rd8 16. f4 f6 17. Kf2 Rf8 18. Rxd8+ 
( 18. Nd5 Rf7 ) 18. ... Kxd8 19. Rd1+ Kc8 {xc7} 20. e4 Rd8 21. Nd5 Rd7 22.
 Rd3 Ne7 23. Nxe7+ Rxe7 {Tato koncovka ve ktere ma bily mirnou vyhodu, 
prisla po dlouhe serii vymen. Cerny kral je odrezan od centra, zatimco 
bily kral muze podporovat pescovou majoritu v centru. } 24. Ke3 {Black has
some difficulties since his king is cut off and pawns are less advanced.} 
24. ... f5? {Vazna chyba, jelikoz nyni bily dostane chraneneho volneho 
pesce. Lepsi bylo ..c5 a dat vlastni pescovou majoritu do pohybu} ( 
24. ... c5 += 25. g4 Kc7 26. h4 += {s mensi vyhodou bileho, protoze jeho 
pescova prevaha muze delat lepsi pokrok.} ) 25. e5 +/- Rd7 ( 25. ... c5 
26. h3 h5 27. g4 hxg4 28. hxg4 fxg4 29. Ke4 +/- ) 26. Ra3 {Nez bily 
zjednodusi do pescove koncovky, pomoci tohoto vytahu na vez provokuje 
oslabeni pescove strukutury. Po okamzitem} ( 26. Rxd7?! Kxd7 27. Kd4 {
cerny se udrzi  pomoci 27...c6 a potom b6, jak uvidime dale. } 27. ... Ke6
( 27. ... c6 28. b4 b6 29. h3 Ke6 30. Kc4 g6 31. g3 h6 32. Kc3 Kd5 33. a4 
c5 34. bxc5 Kxc5 35. Kb3 a6 36. Kc3 g5 37. h4 g4 38. Kd3 Kd5 39. Kc2 Ke6 
40. Kb3 Kd5 ) 28. b4 +/- ) 26. ... a6 27. Rd3 a5 28. Rxd7 Kxd7 D {Hecht 
6-6 P, gedeckter Zentralfreibauer, Einbruch am Q-Flügel, Tempospiel
__________
Mame nyni prechod z vezove koncovky do zajimave a slozite pescove koncovk,
jejiz jemnosti jsou velmi tezke prozkoumat. Je dulezite si uvedomit ze 
oslabene damske kridlo cerneho dava bilemu krali potrebne vstupni pole. } 
29. Kd4 b6 ( 29. ... Ke6 30. Kc5 h6 31. h4 Kd7 32. Kb5 b6 33. a4 g6 34. b3
+- ) 30. Kc4 c6 {Jestli by cerny pesec a nepostoupil, ale byl jeste na a7,
potom bily by nemohl udelat pokrok. Nebyl by zpusob ja by mohl vynutit 
roztrzeni pescove formace: po b2-b4, a2-a4-a5 cerny jednoduse stoji na 
zemi a po pokusu s b4-b5 cerny hraje ...c5 a ma vlastniho chraneneho 
volneho pesce. S pescem na a5, na druhe strane, bily ma dalsi moznosti 
ktere se staji zrejme za nekolik tahu. } 31. h3 Ke6 32. b3 {Protected 
passed e5P promises white easy victory.
_____
Bily ma velkou pozicni vyhodu pro sveho chraneneho volneho pesce na e5. 
Tato partie je priklad jak dokonce v pescovych koncovkach kryty volny 
pesec ne vzdy zarucuje vyhru. } 32. ... g5? ( 32. ... h5! {Hecht} 33. h4 
Kd7 34. a4 Ke6 35. b4 axb4 36. Kxb4 Kd5 37. Kc3 ( 37. a5 bxa5+ 38. Kxa5 c5
39. Ka4 c4 = ) 37. ... Ke6 ( 37. ... b5 38. a5 +- ) ( 37. ... c5 38. Kd3 
c4+ 39. Kc3 Kc5 40. e6 Kd6 41. Kxc4 Kxe6 42. Kb5 +- ) 38. Kc4 Kd7 39. Kb4 
Ke6 40. a5 bxa5+ ( 40. ... c5+ 41. Kb5 bxa5 42. Kxc5 +- ) 41. Kxa5 Kd5 42.
 Kb4 c5+ 43. Kc3 c4! {Remis?-Analyse!} ( 43. ... Kc6 44. Kc4 g6 45. g3 Kb6
46. Kd5 Kb5 47. e6 +- ) 44. e6 ( 44. Kb4 g6 45. g3 Kd4 = ) 44. ... Kxe6 
45. Kxc4 Kd6 46. Kd4 g6 47. g3 Ke6 48. Kc5 Ke7 49. Kd5 Kd7 50. Ke5 Ke7 = )
33. g3 ( 33. fxg5? Kxe5 34. h4 f4 -/+ ) 33. ... h6 ( 33. ... g4 34. h4! h5
35. a4 +- ) 34. h4 gxf4 ( 34. ... g4 35. a4 +- ) 35. gxf4 h5 D {spocitejte
cestu k vyhre pro bileho. } 36. a4! {bily pripravuje b3-b4 a potom a4-a5 s
rozbitim cerne pescove pevnosti. Kryty volny pesec na e5 ovsem zarucuje 
vyhru bileho. } 36. ... Ke7 37. b4 +- axb4 ( 37. ... Ke6 38. bxa5 bxa5 39.
 Kc5 Kd7 40. Kb6 +- ) 38. Kxb4 Ke6 39. a5 ( 39. a5 bxa5+ 40. Kxa5 Kd5 41. 
Kb4 c5+ 42. Kb3! c4+ 43. Kc3 Kc5 44. e6 Kd6 45. Kxc4 Kxe6 46. Kc5 +- ) 1-0

[Event "Kloosters"]
[Site "Ter Apel NED"]
[Date "1997.03.17"]
[Round "1"]
[White "Andersson, Ulf"]
[Black "Huebner, Robert"]
[Result "1-0"]
[WhiteElo "2655"]
[BlackElo "2600"]
[EventDate "1997.03.17"]
[Annotator "Hecht"]

1. d4 d5 2. Nf3 c6 3. c4 Nf6 4. cxd5 cxd5 5. Nc3 Nc6 6. Bf4 Bf5 7. e3 e6 
8. Qb3 Bb4 9. Bb5 Qa5 10. O-O O-O?? {Huebner  -. znama chyba} ( 10. ... 
Nd7 âŒ“ =, quiet ) 11. Bxc6 bxc6 12. Bc7 Qxc7 13. Qxb4 Rab8 14. Qa3 Nd7 
15. Rfc1 c5 16. dxc5 Qxc5 17. Qxc5 Nxc5 18. Nxd5 Nd3 19. Ne7+ Kh8 20. Rc3 
Nxb2 21. Ne5 Ra8 22. Nxf5 exf5 23. Rb1 Na4 24. Rc7 f6 25. Nf7+ Kg8 26. Nd6
Rfb8 27. Rxb8+ Rxb8 28. g3 g6 29. Rxa7 Nc3 30. Ra3 Rb1+ 31. Kg2 Rc1 32. 
Ra8+ Kg7 33. Ra7+ Kh6 34. Nf7+ Kh5 35. Nd6 Kh6 36. h3 Ne4 37. Nxe4 fxe4 D 
{V jedne z oblibenych variant Anderssona, zvlaste ve vymene variante 
Slovanske, Huebner udelal teoretickou chybu v 10. tahu. To dovolilo bilemu
prechod do strategicky velmi vyhodne koncovky. Nakonec vznikla vezova 
koncovka, ve ktere ma bily sance na vyhru. S dalsi tahem 38.g4 bily vynuti
oslabeni ...g6-g5, jelikoz jinak bily hraje h3-h4 a fixuje cernou pescovou
strukturu. Pesec e4 je dalsi slabina.} 38. g4 g5 39. a4 {V tomto bodu 
Andersson planoval budouci pescovou formaci. BIla vez jde na a8, bily 
pesec az na a7, cemu nelze zabranit. Jak uvidime, bily chce prevest sveho 
krale nejdrive z f1 na d5 a potom na f5 vyuzitim manevru s zugzwangem. 
Cerneho ruce jsou svazany nestastnym postavenim veze a krale. Vsimnete sei
jak Andersson nejdrive se vzda osvobozeni krale f2-f3, protoze nechce 
dovolit cernemu zbavit se slabiny na e4 bez dobreho duvodu. } 39. ... Ra1 
40. a5 Ra2 41. a6 Kg6 42. Ra8 Ra1 43. a7 Kg7 D 44. Kg3! {Bily zacina 
jemnou triangulaci aby zavazal cerneho bud se vzdat pesce f, nebo udelat 
ustupek ... h7-h6.} 44. ... Rg1+ 45. Kh2 Ra1 46. Kg2 h6 47. Kh2 Kh7 D ( 
47. ... Ra2 48. Kg1 ( 48. Kg3 Ra1 49. f3 exf3 ( 49. ... Ra3 50. fxe4 Rxe3+
51. Kf2 Ra3 52. Ke2 +- ) 50. Kxf3 Ra4 51. e4 Ra2 52. Ke3 Ra4 53. Kd3 Kh7 
54. Kc2 Kg7 55. Kc3 Kh7 56. Kb3 Ra1 57. Kc4 Kg7 58. Kc5 Rc1+ 59. Kd5 Rd1+ 
( 59. ... Ra1 60. Kc6 Rc1+ 61. Kd6 Ra1 62. Rc8 Rxa7 63. Rc7+ +- ) 60. Ke6 
Ra1 D {Bily by nemohl uspesne provest svou strategii kdyby nebylo 
vynucujiciho manevru ktery nasleduje: } 61. Rd8! ( 61. Re8 Ra6+ ) 61. ... 
Rxa7 62. Rd7+ Rxd7 63. Kxd7 Kh7 ( 63. ... Kf7 64. Kd6 Kf8 65. Ke6 Kg7 66. 
Ke7 +- ) 64. Kd6 Kg6 65. Ke6 D Kg7 66. Ke7 Kg6 67. Kf8 h5 68. Kg8 h4 69. 
Kf8 +- ) 48. ... Ra1+ ( 48. ... Kh7 49. Rf8 ) 49. Kg2 Ra2 50. Kf1 Ra1+ 51.
 Ke2 Ra2+ 52. Kd1 Kh7 53. Kc1 Kg7 54. Kb1 Ra5 55. Kb2 Kh7 56. Kb3 Kg7 57. 
Kb4 Ra1 58. Kc4 Ra5 59. Kd4 Ra4+ 60. Kd5 Kh7 61. Ke6 Kg7 62. Kf5 {Toto je 
pozice kterou bily chtel dosahnout. Cerny je v zugzwangu. Vez a4 musi 
tahnout a pesec e4 je ztracen.} ) 48. Rf8 Rxa7 49. Rxf6 Kg7 50. Re6 Ra4 
51. Kg3 Rb4 52. h4 gxh4+ {Cerny mohl odeprit bilemu krali pole f4 a cekat 
a videt tahem ...Ra4} ( 52. ... Ra4 53. h5 ( 53. Re7+! Kg8? ( 53. ... Kg6?
54. h5+ Kf6 55. Rh7 +- ) ( 53. ... Kf8 54. Re5 gxh4+ 55. Kxh4 ) ( 53. ... 
Kf6 54. Rh7 Kg6 55. Rd7! {hrozi Rd4} 55. ... Ra6 56. Re7 Ra4 57. h5+ Kf6 
58. Rh7 ) 54. hxg5 hxg5 55. Re5 ) 53. ... Rb4 54. Rg6+ Kh7 55. Rd6 ( 55. 
f4 exf3 56. Kxf3 Ra4 57. e4 Ra3+ 58. Kf2 Rb3 59. Ke2 Rg3 60. e5 Rxg4 61. 
Kd3 Ra4 62. e6 g4 63. Ke3 Rb4 64. e7 Rb8 65. Re6 Re8 66. Kf4 Kg7 67. Kxg4 
Kf7 = ) 55. ... Rb7 56. Rd4 Re7 ) 53. Kxh4 Ra4 54. Kg3 Rb4 55. Re5! Kg6 
56. Rf5 Rb8 ( 56. ... Rb2 57. Rf4 Rb4 58. f3 ) 57. Kf4 Re8 58. Re5 Rxe5 ( 
58. ... Rf8+ 59. Kg3 Rf3+ 60. Kg2 Rf6 61. Rxe4 +- ) 59. Kxe5 {# Die 
verbundenen Freiabauern gewinnen nicht automatisch gegen den 
Einzelfreibauer, weil der noch seinen König als Helfer hat. Thema: Lenkung
des schwarzen Königs auf ungünstige Felder
-----------
Spojeni volni pesci nevyhravaji automaticky proti jednomu volnemu pesci, 
ponevadz ten ma jeste sveho krale jako pomocnika. Thema: odvleceni cerneho
krale na nevyhodne pole.} 59. ... Kg5 60. Kxe4 Kxg4 61. Kd3 {Zde muzete 
promyslet varianty, abyste se presvedcili ze bily vyhraje ve vsech 
liniich. Pokuste se analyzovat pozici bez pohybu figur na sachovnici.} ( 
61. Kd3 {Es ist eine gute Schulung, selbst die einfachsten Dinge möglichst
genau und umfassend nachzuvollziehen!} 61. ... Kf3 ( 61. ... h5 62. Ke2 
Kh3 63. e4 ( 63. Kf3? h4 64. e4 Kh2 65. e5 h3 66. e6 Kg1 67. e7 h2 68. 
e8=Q h1=Q+ 69. Ke2 Qg2 =, quiet ) ( 63. Kf1 Kh2 64. e4 h4 65. e5 h3 66. e6
Kh1 67. e7 h2 68. Ke2 Kg1 69. e8=Q h1=Q 70. Qg6+ Kh2 71. Qg3# ) 63. ... 
Kg2 64. e5 h4 65. e6 h3 66. e7 h2 67. e8=Q h1=Q 68. Qe4+ +- ) 62. e4 h5 ( 
62. ... Kf4 63. f3 h5 64. Ke2 +- ) 63. e5 h4 64. e6 h3 65. e7 h2 66. e8=Q 
Kxf2 67. Qh5 {Bily kral je ve vyhravajici zone.} 67. ... Kg2 68. Ke2 h1=Q 
69. Qg4+ Kh2 70. Kf2 Qf3+ 71. Kxf3 +- ) 1-0

[Event "Kraft Chess Cup"]
[Site "Skelleftea SWE"]
[Date "1999.04.01"]
[Round "2.1"]
[White "Andersson, Ulf"]
[Black "Akesson, Ralf"]
[Result "1-0"]
[WhiteElo "2623"]
[BlackElo "2530"]
[EventDate "1999.03.??"]

1. Nf3 Nf6 2. c4 e6 3. g3 b6 4. Bg2 Bb7 5. d4 Be7 6. O-O O-O 7. Nc3 Ne4 8.
 Qc2 Nxc3 9. Qxc3 f5 10. b3 Bf6 11. Bb2 d6 12. Rad1 a5 13. Ne1 Bxg2 14. 
Nxg2 Nc6 15. Qd2 Qd7 16. d5 Nd8 17. Bxf6 Rxf6 18. dxe6 Nxe6 19. Nf4 Nxf4 
20. Qxf4 Re8 21. e3 Re4 22. Qf3 g6 23. Rd5 Rfe6 24. Rfd1 Qg7 25. R5d4 Qe7 
26. R1d2 Kg7 27. Qd1 R6e5 28. Rd5 Qf6 29. Rxe5 Qxe5 30. Kf1 Qc3 31. h4 Kf7
32. Rc2 Qf6 33. Qd5+ Kg7 34. Rd2 Qc3 35. Ke2 Re7 36. h5 Qf6 37. hxg6 hxg6 
38. Rd1 Qb2+ 39. Qd2 Qxd2+ 40. Kxd2 Kf6 D {Boj v teto koncovce jde do 
manevrovaci faze. Jedna mala vyhoda bileho je ze po 41.Rh1 kontroluje 
sloupec h. Navzdory tomu rovnovaha neni pod vaznou hrozbou, jelikoz 
struktura pescu cerneho je vyjimecne pevna a mel by udrzet remizu. } 41. 
Rh1 Ke5 42. Rh6 Kf6 43. Kd3 Kg7 44. Rh1 Re4 45. f3 Re5 46. Kd4 c6?! {
Zbytecne oslabeni cerne struktury, ktera dlouhodobe bude predstavovat 
nevyhodu cerneho. Bily ma minimalni vyhodu, ale musi hodne manevrovat aby 
udelal zde pokrok. Cerny ma problemy vytvorit protihru a bily ma dva 
trvale trumfy, zejmena aktivnejsiho krale a lepe umistenou vez. Pouze bily
se muze pokouset hrat na vyhru. } 47. Rh2 Kg8 48. Kd3 Kg7 49. Rh4! {Bily 
privadi vez na d4 a utoci na slabinu na d6. Zde vidim negativni ucinek 
tahu 46...c6.} 49. ... Re8 ( 49. ... d5 50. Kd4 Kf6 51. Rh8 += ) 50. Rd4 
Rd8?! ( 50. ... Re6 {je presnejsi, jelikoz cerny ma jisty tlak po sloupci 
e a je postaven aktivneji. } ) 51. g4! {Zmena pescove struktury k vyhode 
bileho. Jestli cerny vymeni na g4, dostane izolovaneho pesce na g6 a 
soucasne - dokonce dulezitejsi - bily ma vice moznosti k pruniku do pozice
cerneho. Ma za cil obsadit 7 a 8 radu pres sloupec e ,, f, nebo h.} 
51. ... Kf6?! ( 51. ... fxg4 52. Rxg4 d5 53. Rd4 ( 53. cxd5 Rxd5+ 54. Kc3 
{ale diky vymenam pescu cerny ma dobre sance na remizu.  Po tahu v partii 
ma cerny horsi pescovou strukturu pro slabeho pesce f5} ) 53. ... Kf6 ( 
53. ... dxc4+ 54. bxc4 +/- ) 54. cxd5 Rxd5! {a pescova koncovka je pouze 
remiza} ( 54. ... cxd5? 55. Rf4+ Ke5 56. Rg4 Kf5 57. Kd4 +/- ) ) 52. gxf5 
gxf5 ( 52. ... Kxf5 53. Rh4 g5 54. Rh6 += ) 53. Rh4 += {Bily udelal 
vyznamny pokrok: dominuje na sloupci h a muze jestli chce obsadit dulezite
pole f4  kralem. Navic cerna vez je vazana k slabemu pesci na d6.} 53. ...
 Kg6 54. Ke2 Re8?! {Zde cerny mel chytit sanci tahem 54...d5. Toto by byla
moznost kompenzovat ponekud horsi pescovou strukturu: } ( 54. ... d5 55. 
cxd5 ( 55. Rd4 Kf6 56. cxd5 Rxd5 57. Rxd5 cxd5 58. Kd3 Ke6 59. Kd4 Kd6 = )
55. ... Rxd5 56. Rh8 += {Bily ma mirne lepsi pescovou strukturu a lepsi 
kapacitu manevrovani. Ale cerna pozice se da udrzet presnou hrou. } ) 55. 
Kf2 Kg7 56. Rd4 Rd8 ( 56. ... Re6 57. Kg3 Kf7 ( 57. ... Rxe3 58. Rxd6 +/- 
) 58. Kf4 += ) 57. Kg3 Kg6 58. Kf4 +/- {Bily dosahl prvni stupen sveho 
cile. Pescova slabina f5 a d6 byla fixovaa. Nyni musi aktivovat vez. Dily 
serie malych chyb cerneho bily postupne dokazal zajistit si vyborne 
vyhlidky ve vezove koncovce.} 58. ... Kf6 59. Rd2 Ke6 60. Rh2 Rf8 61. Rh7 
+/- {Jelikoz pesec b je nyni take slab, bily nemusi dlouho cekat nez ziska
materialni vyhodu. } 61. ... b5 ( {trochu lepsi bylo} 61. ... a4 62. Rb7 
axb3 63. axb3 b5 64. cxb5 c5 ) 62. cxb5 cxb5 63. Rb7 a4 {cerny se stale 
snazi vymenit co nejvice pescu. } 64. Rxb5 axb3 65. axb3 Rh8 66. b4 Rh4+ 
67. Kg5 Rc4 68. Rb8! +- D {Pesec b laka cerneho krale na kralovske kridlo.
Po } ( 68. Rxf5 Rxb4 69. e4 Rb1 +/- {cerny kral ma lepsi pozici nez v 
pokracovani v partii. } ) 68. ... Rc3 69. b5 Rb3 ( 69. ... Rxe3?? 70. Re8+
+- ) 70. b6 Kd7 71. b7 Kc7 72. Re8 Kxb7 73. Kxf5 {Bily dosahl teoreticky 
vyhranou koncovku, jelikoz cerny nema nic proti postupu pesce f. } 73. ...
 Kc6 74. f4 Kd7 75. Re4 Rb1 76. Kf6 d5 77. Re5 Kd6 78. f5 Rf1 79. e4! {
Vznika standardni vyhrana pozice. } 79. ... dxe4 80. Rxe4 Kd7 81. Kg6 ( 
81. Kg6 Rg1+ 82. Kf7 Rf1 83. f6 Rf2 84. Kg7 Rg2+ 85. Kf8 Rf2 86. f7 Rg2 
87. Rd4+ Kc7 ( 87. ... Ke6 88. Ke8 +- ) 88. Ke7 Re2+ 89. Kf6 Rf2+ 90. Ke6 
Re2+ 91. Kf5 Rf2+ 92. Rf4 +- ) 1-0

[Event "Olot"]
[Site "Olot"]
[Date "1971.??.??"]
[Round "Vez a figura "]
[White "Andersson, Ulf"]
[Black "Quinteros, Miguel A"]
[Result "1-0"]
[WhiteElo "2497"]
[BlackElo "2476"]
[EventDate "1971.??.??"]

1. Nf3 c5 2. e4 Qc7 3. c3 Nf6 4. e5 Nd5 5. d4 cxd4 6. cxd4 d6 7. Be2 dxe5 
8. dxe5 e6 9. O-O Nc6 10. Re1 Bd7 11. Bf1 Be7 12. Bd2 O-O 13. Nc3 Nxc3 14.
 Bxc3 Nb4 15. Bxb4 Bxb4 16. Re4 Be7 17. Rc1 Bc6 18. Bb5 Rfd8 19. Qc2 Qb6 
20. Bxc6 Rac8 21. Rc4 Rxc6 22. Rxc6 Qxc6 23. Qxc6 bxc6 {Po nekolika 
vymenach bily docilil lepsi koncovku. Zde cerni pesci na c6 a a7 se tezko 
brani. Dalsi vyhoda bileho je dlouhodoba vetsi mobilita jezdce ve srovnani
s cernym strelcem, a take bily muze aktivovat sveho krale snadneji nez 
cerny. Vzato dohromady toto jsou vazne vyhody.} 24. Kf1 c5 25. Rc3 Rb8 26.
 Rc2! {26.b3 by dalo cernemu prilezitost k ziskani protihry pomoci 
...a5-a4. Tak Andersson chrani pesce b2 vezi a ma dalsi umysl s prevedenim
sveho jezdce pres d2 na e3 nebo c4.
} 26. ... f6 27. Ke2 Rb4 28. Nd2 Rd4 {Po } ( 28. ... fxe5 29. Nc4 Bf6 30. 
b3 += {cerny nebude mit z pesce navic moc radosti.} ) 29. f3 {to odebere 
vezi pole e4} 29. ... Rd5 30. Nc4 Rd7 ( 30. ... fxe5 31. Nd2 += {a potom 
Ne4,  Vymyslete plan k postupnemu prevedeni bile pozice na vyhranou,.  } )
31. Rc3! {Bily aktivuje svou vez a miri na pole a6, ze ktereho muze utocit
soucasne na dve slabiny. Toto nuti cerne figury do obrany a hrozi ziskat 
material manevrem Na5-c6. Take bily kral prichazi do akce a je 
centralizovan. } 31. ... Rb7 32. Ra3 Kf7 33. Ra6 fxe5 ( 33. ... h5 34. b3 
h4 35. Na5 Rc7 36. Nc6 +/- ) 34. Nxe5+ Kf6 35. Nc4 Bd8 36. Rc6 Rc7 37. Rd6
{Ovsem bily musi drzet svou aktivni vez, jelikoz koncovka lehkych figur je
obranyschopne navzdory pescovym slabinam cerneho. Navic bila vez lepe 
spolupracuje s jezdcem. } 37. ... Ke7 ( 37. ... Be7 38. Ra6 Rd7 39. b3 g5 
40. g4 +/- {Cerny bude stezi schopen se osvobodit ze spatne struktury. } )
38. b3 {Pro sve pescove slabiny nema cerny sanci na protihru. Tak bily ma 
cas na zesileni sve pozice. Nejdrive umisti sve pesce na bila pole. } 
38. ... Rd7 39. Rc6 Rc7 40. Ra6 Rb7 41. Kd3 Bc7 42. g3 Kd7 43. Ke4 Bb6 44.
 Ne5+ Kc7 {Uvizl bily nebo muze jeste rozhodujicim zpusobem zesilit 
pozici? } 45. Ra4! +/- {Protoze centralizoval krale a jezdec je idealne 
postaven, bily nyni prevede svou vez. Miri na pole c3, ze ktereho 
pokracuje udrzet  pesce c pod tlaem a muze podle prani obsadit sloupec d. 
Cerna pozice se da stezi dale branit.} 45. ... Rb8 46. Rc4 Kd6 47. Rc3 Rb7
48. f4 Rc7 {Bily ma lepsi usporadani. Najdete rozhodujici tah k vyhre. } (
48. ... h5 49. h3 Bd8 50. g4 hxg4 51. hxg4 Bf6 52. Rd3+ Ke7 53. Nc6+ Kf7 
54. g5 Be7 55. Ne5+ Ke8 56. Rh3 +- ) 49. g4! {Toto je pozice, kterou 
Andersson dlouho planoval. Dalsi vyhode pozice veze je nyni videt: Bily 
hrozi zafixovat jinou, rozhodujici slabiu na h7 pomoci g4-g5 a Rh3. BIly 
jiz dosahl strategicky vyhrane pozice. } 49. ... h6 ( 49. ... g6 {Bily ma 
silnou moznost g4-g5, h4-h5 a potom Rh3 a cerna pozice se hrouti. } ) 50. 
g5 hxg5 51. fxg5 Ke7 52. Rf3 Ke8 53. Rh3 Ke7 54. Rh7 Kd6 ( 54. ... Kf8 55.
 Rh8+ Ke7 56. Rg8 Kd6 57. h4 +- ) 55. h4 {Cerny nema obranu proti postupu 
pesce h a vytvoreni volneho pesce. Je velmi instruktivni jak Andersson, 
vyuzil slabiny a krok za krokem sel za vyhrou. Priruckovy priklad jak hrat
proti izolovanemu pesci a dokonale spolupraci veze a jezdce. } 1-0

[Event "Teeside"]
[Site "Teesside ENG"]
[Date "1972.??.??"]
[Round "4"]
[White "Cafferty, Bernard"]
[Black "Andersson, Ulf"]
[Result "0-1"]
[WhiteElo "2440"]
[BlackElo "2535"]
[EventDate "1972.??.??"]

{s.190} 
1. c4 g6 2. Nc3 Bg7 3. d4 d6 4. Nf3 Bg4 5. e3 Nf6 6. Be2 O-O 7. O-O Na6 8.
 b3 c5 9. Bb2 Rb8 10. Qd2 Re8 11. Rfd1 Qa5 12. h3 Bd7 13. d5 Nc7 14. a4 
Na6 15. Bd3 Rf8 16. e4 Ne8 17. e5 dxe5 18. Nb5 Qxd2 19. Rxd2 f6 20. Nxa7 
Nd6 21. Re1 Bh6 22. Rde2 Nb4 23. Bb1 Ra8 24. Nb5 Bxb5 25. axb5 b6 26. Nh2 
Ra7 27. Ng4 Bg7 28. f3 Rfa8 29. Nf2 Kf7 30. Rd1 Bh6 31. g3 D {Cerny ma 
velkou pozicni vyhodu diky dvema blokujicim jezdcum, silnemu strelci a 
obsazenemu sloupci a. Avsak jelikoz nema pole vniku, vyuzije obeti kvality
na a3 aby vniknul do pozice. } 31. ... Ra3! 32. Bxa3 Rxa3 {Nebo} 33. Rb2 (
33. Ng4 Bg7 34. Bc2 Nxc2 35. Rxc2 Rxb3 36. Kg2 f5 37. Nf2 Ra3 -/+ {Cerny 
umisti vez na a4 a strelce na h6 a ziska pesce c4, po cemz se pozice tezko
udrzi. } ) 33. ... Be3! 34. Kg2 Bd4 35. Rdd2 ( 35. Rxd4 exd4 36. Kf1 e5 
37. dxe6+ Kxe6 38. Nd3 Nxd3 39. Bxd3 f5 40. Kf2 Nf7 41. f4 Nd6 42. Re2+ 
Kf6 43. Bc2 Ra2 -/+ ) 35. ... Bxb2 36. Rxb2 f5 37. Nd3 Nxd3 38. Bxd3 D {
Cerny ma vynikajici strategickou pozici: Jezdec na d6 je mnohem lepsi nez 
strelec, jakakoli bila protihra je vyloucena a cerny jde zvetsit vyhodu v 
prostoru na kralovskem kridle a centru. } 38. ... Kf6 39. Bc2 h5 40. h4 g5
41. Bd1 ( 41. hxg5+ Kxg5 42. Bd1 Ra1 43. Be2 f4 44. Bd3 Re1 45. Kf2 Re3 
46. Rd2 Kf6 47. Rd1 Nf7 48. Be2 Rxb3 49. Rh1 fxg3+ 50. Kxg3 Kg5 {a potom 
Nf7-h6-f5 -+} ) 41. ... g4 42. Kf2 {POzice cerneho je vynikajici. Jak muze
byt jezdec a jezdec jeste lepsi rozmisteny?} 42. ... Nb7! {Plan sestava z 
Ra1-c1-c3 a ...Na5 a bily je uplne paralyzovan. } 43. Kg2 ( 43. Rd2 Ra1 
44. Kg2 Nd6 45. fxg4 hxg4 46. Bc2 f4 -+ ) 43. ... Ra1 44. Be2 Na5! {Cerny 
provokuje postup pesce b3-b4, po cemz jeho jezdec ziska pole c5. } 45. 
fxg4 {Nimzowitsch rekl ze pseudoaktivni hra ve stisnene pozici jenom 
urychluje porazku. V tomto pripade pokus } ( 45. Kf2 Rc1 46. fxg4 hxg4 47.
 Rd2 {aby pronikl do pozice po d5-d6 ..  selhava na } 47. ... Nxb3 48. d6 
exd6 49. Rxd6+ Ke7 50. Rxb6 Nd4 -+ ) 45. ... hxg4 46. b4?! {Toto je tah, 
ktery chtel cerny vyprovokovat. Nyni cerny jezdec na c5 se stane skutecny 
titan. Lepsi pokus je proto } ( 46. Kf2 Rc1 47. Ra2 Rb1 48. Rd2 Nb7 49. 
Bd1 Nd6 50. Bc2 Rc1 -/+ ) 46. ... Nb7 47. Bd3 cxb4 48. Rxb4 Ra2+ 49. Kg1 
Nc5 50. Bb1 Rd2 51. Kf1 e4 52. Ke1 e3 53. Kf1 D {Jaka je nejrychlejsi 
cesta k vyhre? } 53. ... f4! 54. gxf4 g3 55. Bh7 Rd1+ 0-1